000 00518nam a2200169Ia 4500
008 230718s9999 xx 000 0 und d
020 _a9780143132028
041 _aeng
082 _a650.1
_bTRA
100 _aTracy B.
245 _aMaster Your Time Master Your Life
_bThe Breakthrough System To Get More Results, Faster, In Every Area Of Your Life
260 _c2016
_bTarcher Perigee
300 _a226
365 _cRs.
_b250.00
700 _aTracy B.
906 _dO:0554413-Jun-2017B:320204-May-2017
_cGENRL
_b55
999 _c344738
_d344738